| Tag |
First Indicator |
Second Indicator |
Subfields |
| LEADER |
00000cam a22000001 4500 |
| 001 |
in00000073294 |
| 005 |
20151008052520.0 |
| 008 |
731212c19671966ilu b 00010 eng |
| 010 |
|
|
|a 66023168
|
| 019 |
|
|
|a 900015
|
| 035 |
|
|
|a (OCoLC)00170797
|
| 035 |
|
|
|9 AAH3689AM
|
| 040 |
|
|
|a DLC
|c DLC
|d TXA
|d UtOrBLW
|
| 043 |
|
|
|a n-us---
|
| 049 |
|
|
|a TXAM
|c [476942]
|
| 050 |
0 |
0 |
|a HB2595
|b .S58
|
| 082 |
0 |
|
|a 331/.01
|
| 092 |
|
|
|a 331.01
|b S634o
|
| 100 |
1 |
|
|a Slocum, Walter L.
|
| 245 |
1 |
0 |
|a Occupational careers ;
|b a sociological perspective /
|c by Walter L. Slocum.
|
| 264 |
|
1 |
|a Chicago :
|b Aldine Pub. Co.,
|c [1967]
|
| 264 |
|
4 |
|c [©1966]
|
| 300 |
|
|
|a vi, 272 pages ;
|c 22 cm.
|
| 336 |
|
|
|a text
|b txt
|2 rdacontent
|
| 337 |
|
|
|a unmediated
|b n
|2 rdamedia
|
| 338 |
|
|
|a volume
|b nc
|2 rdacarrier
|
| 504 |
|
|
|a Includes bibliographies.
|
| 650 |
|
0 |
|a Occupations.
|
| 650 |
|
0 |
|a Work.
|
| 650 |
|
0 |
|a Occupations
|z United States.
|
| 999 |
|
|
|a MARS
|
| 999 |
f |
f |
|s 7393da54-020f-3f3a-a054-7c107c6dac68
|i 788ef437-0914-39f7-afc2-c48c2ce74eca
|t 0
|